Obučenije menedžerov: tvorčeski izpol'zovat' zarubežnyj opyt!
Pokračovanie state z EN č. 4/1991. Pre dosiahnutie stupňa "bakalár" musia študenti preukázať znalosti z 27 disciplín - z 13 všeobecnovzdelávacích a 14 špeciálnych. Pre dosiahnutie stupňa "magister" musia študovať ešte 2 roky. Popis experimentu z dvojstupňového vzdelania v Štátnej akadémii riadenia S...
Salvato in:
| Autore principale: | |
|---|---|
| Altri autori: | , |
| Natura: | Capitolo di libro |
| Lingua: | russo |
| Soggetti: | |
| Tags: |
Nessun Tag, puoi essere il primo ad aggiungerne!!
|
MARC
| LEADER | 00000naa a2200000 4500 | ||
|---|---|---|---|
| 001 | r004780 | ||
| 005 | 20221130102922.8 | ||
| 041 | 0 | |a rus | |
| 044 | |a [SU] | ||
| 245 | 1 | 0 | |a Obučenije menedžerov: tvorčeski izpol'zovat' zarubežnyj opyt! |c P. Leščiner, M. Razu, Ju. Starostin |
| 520 | |a Pokračovanie state z EN č. 4/1991. Pre dosiahnutie stupňa "bakalár" musia študenti preukázať znalosti z 27 disciplín - z 13 všeobecnovzdelávacích a 14 špeciálnych. Pre dosiahnutie stupňa "magister" musia študovať ešte 2 roky. Popis experimentu z dvojstupňového vzdelania v Štátnej akadémii riadenia S. Ordžonikidze. Náčrt výučby na tomto inštitúte. | ||
| 610 | 2 | 0 | |a manažment |
| 610 | 2 | 0 | |a pracovníci riadiaci |
| 610 | 2 | 0 | |a vzdelanie |
| 610 | 2 | 0 | |a ZSSR |
| 610 | 2 | 0 | |a príprava odborná |
| 610 | 2 | 0 | |a experimenty |
| 610 | 2 | 0 | |a študenti |
| 610 | 2 | 0 | |a školy vysoké |
| 100 | 1 | |a Leščiner, P. | |
| 700 | 1 | |a Razu, M. | |
| 700 | 1 | |a Starostin, Ju. | |